000 00543nam a2200193Ia 4500
003 IN-BaIIA
008 211028s9999 xx 000 0 eng d
020 _a0-7923-6822-7
040 _cIIA Library
080 _a52(082.1)
_bASS-251
100 _aSomov, B. V
_919274
245 0 _aCosmic plasma physics
_cBoris V. Somov
260 _aDordrecht
_bKluwer Academic
_c2000
300 _axix, 652p.
490 _aAstrophysics and space science library; v. 251
650 _aCosmic plasma
_925854
650 _aPlasma Physics
_93732
942 _cBK
999 _c14546
_d14546